00451nam a2200181Ia 4500003000400000005001700004008004100021020001800062040000700080041000800087082002300095100001700118245005200135250000600187260004300193300001600236365001700252OSt20230511142059.0210423s2012 xx 000 0 und d a9781405181730 cAL aeng a574.87322 BROT223 aBROWN (T A). aGene cloning and DNA analysis: an introduction. a6 aSouthern GatebJohn Wiley & Sonsc2012 axvi,320bPB b4127.05cINR